01621nam a2200349 a 4500001001000000003000500010005001700015008004100032010001100073011001100084020001800095040000900113082002100122245050000143260002400643300004300667490003200710504002700742546004500769650003000814650002300844650002200867650003200889650003800921650003200959650002200991700002401013700002601037700002901063711014701092830003201239000108464CHAP20240524121805.0140217s2012 it abj |r| ||||||eng d a104926 a105898 a9789250071046 cCHAP04a639.2bF62b v.18 0aScience and management of small pelagics = Science et amenagement des petits pelagiques :bSymposium on Science and the Challenge of Managing Small Pelagic Fisheries on Shared Stocks in Northwest Africa, 11-14 March 2008, Casablanca, Morocco, = Symposium sur la science et le défi de l'amenagement des pêcheries de petits pélagiques sur les stocks partagés en Afrique nord-occidentale, 11-14 mars 2008, Casablanca, Maroc /ceditado por Serge Garcia, Merete Tandstad, Anna Maria Caramelo. aRoma :bFAO,c2012. axxii, 403 p.e, + 1 CD ROM (4 3/4 pls)1 aFisheries proceedingsv; 18 aIncluye bibliografía aEdición bilingüe (Ingles, francés)14aAdministración pesquera14aEcología marina.14aPesca pelágica.14aPescaxAfrica del Noroeste.14aPescaxEfecto del medio ambiente.14aPescazÁfrica Occidental.14aRecursos marinos.0 aTandstad, M.e, ed.1 aCaramelo, A.M.b, ed.1 aGarcía, Serge M.e,ed.2 aSymposium on Science and the Challenge of Managing Small Pelagic Fisheries on Shared Stocks in Northwest Africad(2008 :cCasablanca, Morocco)00aFisheries proceedingsv, 18